000
00325nam a22001337a 4500
008
171124b xxu||||| |||| 00| 0 eng d
020
_a
9780813524979
041
_a
eng
080
_a
316
100
_a
51
101
_a
SOC
245
_a
FANTASIES OF FEMINITY: REFRAMING THE BOUNDARIES OF SEX
_c
USSHER, J.M
942
_2
udc
_c
BK
999
_c
38500
_d
38500